000 00595nam a2200229Ia 4500
003 OSt
005 20220928104805.0
006 a|||||r|||| 00| 0
007 ta
008 220927b |||||||| |||| 00| 0 eng d
024 _a121542
037 _cTextual
040 _aSDCL
_cSDCL
_beng
041 _2eng
_aeng
082 _aDelta2, L8
100 _aSircar M N
_9412076
245 0 _aLife thought and mysticism in India
260 _aDelhi
_bOverseas Publishers
_c1978
300 _a305p
_ccm.
942 _hDelta2, L8
_cTEXL
_2CC
999 _c727798
_d727798